LEADER 03481nam 22006855 450 001 996449440003316 005 20230323174738.0 010 $a3-11-059757-8 010 $a3-11-059720-9 024 7 $a10.1515/9783110597202 035 $a(CKB)4100000005958694 035 $a(MiAaPQ)EBC5516066 035 $a(DE-B1597)494466 035 $a(OCoLC)1031411103 035 $a(DE-B1597)9783110597202 035 $a(oapen)https://directory.doabooks.org/handle/20.500.12854/74617 035 $a(PPN)229519385 035 $a(EXLCZ)994100000005958694 100 $a20180725d2018 fg 101 0 $ager 135 $aurcnu|||||||| 181 $ctxt$2rdacontent 182 $cc$2rdamedia 183 $acr$2rdacarrier 200 10$aJustinian und die Armee des frühen Byzanz /$fClemens Koehn 210 $aBerlin/Boston$cDe Gruyter$d2018 210 1$aBerlin ;$aBoston :$cDe Gruyter,$d[2018] 210 4$d©2018 215 $a1 online resource (318 pages) 225 0 $aMillennium-Studien / Millennium Studies ;$v70 311 $a3-11-059701-2 320 $aIncludes bibliographical references and index. 327 $tFrontmatter --$tVorwort --$tInhalt --$tI . Einleitung --$tII .Die Armee als militärisches Instrument --$tIII. Die Armee als politisches Instrument --$tIV. Schlußbetrachtung: Justinians Kriegführung als Modell der byzantinischen Kriegführung? --$tV .Quellen- und Literaturverzeichnis --$tNamens- und Sachregister --$tStellenregister 330 $aSowohl die Regierung Kaiser Justinians I. (527-565) als auch die spätantike/frühbyzantinische Armee sind seit einigen Jahren intensiv diskutierte Themen gerade der althistorischen Forschung. Dabei wird allerdings die Militärpolitik aus der Analyse der kaiserlichen Regierung weitgehend ausgeblendet. Die Rolle des Kaisers als Oberkommandierender der Armee findet kaum Beachtung, obgleich Justinian in einem seine Vorgänger weit übertreffenden Maße Kriege geführt hat. Der Kaiser gilt als akribischer Organisator der zivilen Verwaltung, aber militärisch eher als Laie. Hier wird nun erstmals umfassend die These argumentiert, dass Justinian militärischen Sachfragen insgesamt deutlich mehr Aufmerksamkeit gewidmet hat als bislang angenommen. Von Beginn an betrieb er eine aktive Militärpolitik, die freilich zunehmend politischen und finanziellen Kontigenzen ausgesetzt war und schließlich scheiterte. An der Schnittstelle von Alter Geschichte, Byzantinistik und Militärgeschichte angesiedelt, stellt die Studie somit einen Beitrag zu der vieldiskutierten Frage nach den konkreten Entscheidungsabläufen und der Intentionalität des kaiserlichen Handelns im frühen Byzanz dar. 410 0$aMillennium-Studien ;$vBand 70. 606 $aArmee 606 $aByzantium 606 $aByzanz 606 $aJustinian 606 $aMilitärgeschichte 606 $amilitary history, army 607 $aByzantine Empire$xHistory$y527-1081 610 $aJustinian 610 $aByzantium 610 $amilitary history 610 $aarmy 615 4$aArmee. 615 4$aByzantium. 615 4$aByzanz. 615 4$aJustinian. 615 4$aMilitärgeschichte. 615 4$amilitary history, army. 676 $a949.5/013 700 $aKoehn$b Clemens$0600070 801 0$bDE-B1597 801 1$bDE-B1597 906 $aBOOK 912 $a996449440003316 996 $aJustinian und die Armee des frühen Byzanz$92558093 997 $aUNISA LEADER 03397 am 2200553 n 450 001 9910516000903321 005 20240104030712.0 010 $a2-38377-032-9 024 7 $a10.4000/books.pubp.1938 035 $a(CKB)5100000000162494 035 $a(FrMaCLE)OB-pubp-1938 035 $a(PPN)259402672 035 $a(EXLCZ)995100000000162494 100 $a20211214j|||||||| ||| 0 101 0 $afre 135 $auu||||||m|||| 200 00$aEmily Dickinson du côté de Shakespeare$eModalités théâtrales du lyrisme$fAdeline Chevrier-Bosseau 210 $aClermont-Ferrand$cPresses universitaires Blaise-Pascal$d2021 215 $a1 online resource (392 p.) 311 $a2-84516-931-0 330 $aLa poésie d?Emily Dickinson dévoile un lyrisme théâtralisé : chaque poème devient une scène où évolue une voix qui se travestit, s?altère, se diffracte en divers échos. Très influencée par l??uvre de Shakespeare, mais également par la théâtralité ambiante de l?Amérique victorienne, Dickinson met en scène le sujet lyrique dans ce qu?il a de plus théâtral. La théâtralité de référence étant celle du dramaturge et poète élisabéthain, cette « contamination » du théâtre nous incite à élargir notre conception du lyrisme. Si l?on observe des résurgences ironiques d?une conception traditionnelle du lyrisme comme un épanchement intime, ce dernier est surtout à envisager en termes de dynamique, d?énergie. Le théâtre est pour Emily Dickinson le lieu autre où le lyrisme s?altère plus avant, la structure nodale de l?écriture lyrique et son c?ur battant, le lieu de sa revitalisation. Emily Dickinson?s poetry showcases a dramatic kind of lyricism: each poem becomes a scene where the lyric voice changes shape, tone, and even gender. Strongly influenced by Shakespeare?s work and by the extremely theatrical culture of Victorian America, Dickinson stages the lyrical self at its most theatrical. The fact that the Elizabethan playwright and poet?s idiosyncratic theater was the main reference for Dickinson?s conception of drama and theatricality invites us to broaden our conception of lyricism. Although some recurrences of a more traditional approach to lyricism as an outpouring of intimate feelings appear at times ? mostly tainted with a great deal of irony ? lyricism will mainly be considered as the energy fueling life into the poem. The theater is for Emily Dickinson the spring of this lyrical energy, the transformative force and the crucial structure at the heart of her poetic writing. 606 $aPoetry 606 $aDickinson (Emily) 606 $aShakespeare 606 $alyrisme 606 $athéâtralité 606 $aÉtats-Unis 606 $aXIXe siècle 606 $alyricism 606 $adrama 606 $aUnited States 606 $a19th century 615 4$aPoetry 615 4$aDickinson (Emily) 615 4$aShakespeare 615 4$alyrisme 615 4$athéâtralité 615 4$aÉtats-Unis 615 4$aXIXe siècle 615 4$alyricism 615 4$adrama 615 4$aUnited States 615 4$a19th century 700 $aChevrier-Bosseau$b Adeline$01457229 801 0$bFR-FrMaCLE 906 $aBOOK 912 $a9910516000903321 996 $aEmily Dickinson du côté de Shakespeare$93657855 997 $aUNINA LEADER 02179nam 2200625Ia 450 001 9910781668103321 005 20220204000540.0 010 $a1-61374-139-1 010 $a1-61374-137-5 035 $a(CKB)2550000000046959 035 $a(OCoLC)750229955 035 $a(CaPaEBR)ebrary10584525 035 $a(SSID)ssj0000632763 035 $a(PQKBManifestationID)12237109 035 $a(PQKBTitleCode)TC0000632763 035 $a(PQKBWorkID)10609297 035 $a(PQKB)10094262 035 $a(SSID)ssj0000643467 035 $a(PQKBManifestationID)12258822 035 $a(PQKBTitleCode)TC0000643467 035 $a(PQKBWorkID)10653790 035 $a(PQKB)10975236 035 $a(MiAaPQ)EBC762662 035 $a(MiAaPQ)EBC6806430 035 $a(Au-PeEL)EBL6806430 035 $a(OCoLC)1287136231 035 $a(EXLCZ)992550000000046959 100 $a20020220d2002 uy 0 101 0 $aeng 135 $aurcn||||||||| 181 $ctxt 182 $cc 183 $acr 200 14$aThe book of klezmer$b[electronic resource] $ethe history, the music, the folklore /$fYale Strom 205 $a1st ed. 210 $aChicago, Ill. $cA Cappella Books$dc2002 215 $a1 online resource (425 p.) 300 $aBibliographic Level Mode of Issuance: Monograph 311 $a1-61374-063-8 311 $a1-55652-445-5 320 $aIncludes bibliographical references (p. 363-369), discography, and index. 327 $aIntro -- Title -- Copyright -- Contents -- A Note on Yiddish Spellings -- Acknowledgment -- Introduction -- Chapter One -- Chapter Two -- Chapter Three -- Chapter Four -- Appendix I -- Appendix 2 -- Appendix 3 -- Glossary -- Bibliography -- Discography -- Index. 606 $aKlezmer music$xHistory and criticism 606 $aJews$xMusic$xHistory and criticism 615 0$aKlezmer music$xHistory and criticism. 615 0$aJews$xMusic$xHistory and criticism. 676 $a781.62/924 700 $aStrom$b Yale$01535859 801 0$bMiAaPQ 801 1$bMiAaPQ 801 2$bMiAaPQ 906 $aBOOK 912 $a9910781668103321 996 $aThe book of klezmer$93784245 997 $aUNINA LEADER 01608oas 2200649 a 450 001 9910145542703321 005 20260218110033.0 035 $a(DE-599)ZDB2012092-8 035 $a(OCoLC)24073859 035 $a(CONSER)sn 91002822 035 $a(CKB)991042749668858 035 $a(DE-599)2012092-8 035 $a(EXLCZ)99991042749668858 100 $a19910715c1990uuuu sy a 101 0 $aeng 135 $aurcnu|||||||| 181 $ctxt$2rdacontent 182 $cc$2rdamedia 183 $acr$2rdacarrier 200 10$aACQNET 210 $a[Ithaca, NY] $c[Cornell University Library]$d[1990]- 300 $a"The acquisitions librarians electronic network." 300 $aPlace of publication varies. 311 08$a1057-5308 517 1 $aACQNET-L 531 0 $aACQNET 606 $aAcquisitions (Libraries)$vPeriodicals 606 $aAcquisitions (Libraries)$2fast$3(OCoLC)fst00796015 608 $aPeriodicals.$2fast 615 0$aAcquisitions (Libraries) 615 7$aAcquisitions (Libraries) 676 $a027 712 02$aCornell University.$bLibraries. 801 0$bNSD 801 1$bNSD 801 2$bEYM 801 2$bOCL 801 2$bEYM 801 2$bOCL 801 2$bNSD 801 2$bOCLCQ 801 2$bDLC 801 2$bOCLCQ 801 2$bOCL 801 2$bOCLCQ 801 2$bHEBIS 801 2$bDEBBG 801 2$bOCLCQ 801 2$bOCLCF 801 2$bOCLCO 801 2$bOCLCQ 801 2$bOCLCL 801 2$bOCLCQ 906 $aJOURNAL 912 $a9910145542703321 996 $aACQNET$92034229 997 $aUNINA